000 01063nam a2200301 c 4500
999 _c160210
_d160210
003 BLK
005 20220225141410.0
008 180410b bul|||||r ||||||| ||bul||
010 _aKNG00167415000
040 _aBLK
041 _aBUL
_cBUL
072 7 _2bullib
_aК
_xКраезнание
072 7 _2bullib
_aРА
_xРусенски автори
080 _aБългарска литература
_b821.163.2
_x-1
_z821.163.2-1
100 1 _aКожухаров, Ивайло
_eпърви автор
_9245030
139 _aКожухаров, Ивайло
_bК 74
245 1 0 _aНерецензирани строфи
_bСтихове
_cИвайло Кожухаров.
257 _aBGR
260 _bИзд. авт.
_c1991
_fРусе : Дунав-Прес
300 _a48 с.
_c20 см
380 _aX
659 _aК
852 _aЦб 176450
852 _aК 821.163.2/К 74 И
852 _aК 821.163.2/К 69
856 4 _qpdf
856 4 _qpdf
942 _cKNG
_n0
_s1
944 _aCR
_c19.11.2014
_l19.11.2014 - от С1,Р / 19.11.2014
_kНора_Радева
944 _aED
_c19.11.2014
_l19.11.2014 - от С1,Р / 19.11.2014
999 _d160210
999 _d160210